000
00362nam a2200133Ia 4500
008
231129s9999||||xx |||||||||||||| ||spa||
020
_a
84-01-30292-7
040
_b
spa
082
_a
813 F251s
100
_a
Fast Howard
245
0
_a
Segunda Generación
264
_a
Barcelona EspaƱa : Plaza y Janes
942
_2
ddc
_c
BKS
999
_c
24407
_d
24407